| 000 | 01686ngm a22003850a 4500 | ||
|---|---|---|---|
| 001 | PT41415 | ||
| 003 | AR-LpoUNG | ||
| 005 | 20210201235913.0 | ||
| 007 | vd cvaizq | ||
| 008 | 191001ss.f.||||ag |||||||||||||||||spa d | ||
| 037 | _c$8.75 | ||
| 040 |
_aAR-LpoUNG _bspa _cAR-LpoUNG _eaacr |
||
| 041 | _aspa | ||
| 044 | _aag | ||
| 082 | 0 | _a306.089 227abo | |
| 100 | 1 |
_aSan Juan, Federico _edir. |
|
| 245 | 1 | 4 |
_aLos aborígenes del Chaco argentino : _bcomunidad Wichi - Matacos del Río Pilcomayo |
| 260 |
_aBuenos Aires : _bBlackman, _cs.f.. |
||
| 300 | _aDVD (34 min.) : son., col. | ||
| 505 | 0 | _aGuión: Graciela Walter. | |
| 520 | _aLa obra muestra cómo a las puertas del tercer milenio en el Chaco Argentino, las comunidades aborígenes wichi-matacos subsisten conviviendo en las misiones a la orilla del Pilcomayo. Refleja además la realidad y las vivencias de sus integrantes, quienes muestran su mundo, en la inagotable sabiduría de una prolongada existencia, conjugada con el hábitat y su fuente inspiradora: la naturaleza. Las imágenes del video exhiben en forma didáctica las actividades cotidianas para la subsistencia como la recolección de la miel, la pesca, la gastronomía, artesanías, entre otras manifestaciones cotidianas que perduran a pesar de la vorágine de los tiempos que corren. | ||
| 650 | 4 | _aARGENTINA | |
| 650 | 4 | _aASPECTOS SOCIALES | |
| 650 | 4 | _aHABITAT | |
| 650 | 4 | _aIDENTIDAD CULTURAL | |
| 650 | 4 | _aPOBLACION INDIGENA | |
| 651 | 4 | _aArgentina | |
| 653 | _aCINE ARGENTINO | ||
| 653 | _aDOCUMENTALES | ||
| 653 | _aDVD | ||
| 653 | _aVIDEOS | ||
| 710 | 2 | _aComunicaciones en imágenes, prod. | |
| 905 | _a41415 | ||
| 942 | _cDVD | ||
| 999 |
_c53740 _d53740 |
||